LIBRARY & INFORMATION CENTRE, KCAET, TAVANUR

ONLINE PUBLIC ACCESS CATALOGUE (OPAC)

Food processing and preservation / (Record no. 13209)

MARC details
000 -LEADER
fixed length control field 00629cam a2200253ua 4500
041 ## - LANGUAGE CODE
Language code of text/sound track or separate title eng
082 ## - DEWEY DECIMAL CLASSIFICATION NUMBER
Classification number 664.02
Item number SIV/FO
100 ## - MAIN ENTRY--AUTHOR NAME
Personal name Sivasankar, B .
245 ## - TITLE STATEMENT
Title Food processing and preservation /
260 ## - PUBLICATION, DISTRIBUTION, ETC. (IMPRINT)
Place of publication New Delhi :
Name of publisher Prentice Hall of India Pvt Ltd. ,
Year of publication 2007.
300 ## - PHYSICAL DESCRIPTION
Number of Pages 359 ; .
942 ## - ADDED ENTRY ELEMENTS (KOHA)
Koha item type Books
Holdings
Withdrawn status Lost status Damaged status Home library Current library Date acquired Full call number Accession Number Koha item type Collection code Shelving location Source of acquisition Cost, normal purchase price
      KAUAET KAUAET 07/04/2012 664.02 21890 Books        
      KAUAET KAUAET 07/04/2012 664.02 21891 Books        
      KAUAET KAUAET 07/04/2012 664.02 21897 Books        
      KAUAET KAUAET 07/04/2012 664.02 21895 Books        
      KAUAET KAUAET 07/04/2012 664.02 21896 Books        
      KAUAET KAUAET 07/04/2012 664.02 21894 Books        
      KAUAET KAUAET 07/04/2012 664.02 21893 Books        
      KAUAET KAUAET 07/04/2012 664.02 21892 Books        
      KAUAET KAUAET 30/03/2017 664.02 SIV/FO 25278 Books   General Stacks Neoti book Agency 295.00
      KAUAET KAUAET 30/03/2017 664.02 SIV/FO 25279 Books   General Stacks Neoti book Agency 295.00
      KAUAET KAUAET 30/03/2017 664.02 SIV/FO 25280 Books   General Stacks Neoti book Agency 295.00
free website counter